Score 0/18 Timer 02:00
1 Play Today
Clue 5-Letter Word % Correct
♀ 2nd planet from the Sun ♀♀ VENUS ♀
98.1%
Opposite of +MINUS
97.7%
Restaurant listsMENUS
95.4%
The smallest fingerPINKY
94.4%
Fooling around: Hanky-___PANKY
92.8%
Teletubby Tinky-___WINKY
89%
Stops a car, perhapsPARKS
88.7%
Dog criesBARKS
87.5%
♁ 3rd planet from the Sun ♁♁ EARTH ♁
86.5%
Clue 5-Letter Word % Correct
Start of lifeBIRTH
86.5%
Chemist PaulingLINUS
86.1%
One of forty in a nap?WINKS
83.6%
Simpson boy and NFL quarterback StarrBARTS
80.9%
_____ Brooks, American country singerGARTH
80.2%
Golf courseLINKS
80.2%
Measure around the human torsoGIRTH
78.6%
Chilly or cold, to a BritPARKY
76.8%
Karl _____, Swiss theologianBARTH
71.4%

Today's Daily Dose

Remove Ads.
Support Sporcle.
Get the best of Sporcle when you Go Orange. This ad-free experience offers more features, more stats, and more fun while also helping to support Sporcle. Thank you for becoming a member.

You're not logged in!

Compare scores with friends on all Sporcle quizzes.
OR
Log In

Show Comments

Extras

Top Quizzes Today


Score Distribution

Your Account Isn't Verified!

In order to create a playlist on Sporcle, you need to verify the email address you used during registration. Go to your Sporcle Settings to finish the process.

Report this User

Report this user for behavior that violates our Community Guidelines.

Details: